000 00686nas a2200229 4500
001 BR8200798
003 BR-BrBNA
005 20231205085024.0
007 ta
008 230509b bl.|||p| |||| 00| 00por d
040 _aBR-BrBNA
_bpor
_cBiblioteca Nacional de Agricultura
041 _a(Pt)
072 _aE70
100 1 _aAnon.
245 1 _aConsumo de peru aumenta nos EUA [Meleagris gallipavo; Estados Unidos da America]
650 _aPERU
650 _aCONSUMO
650 _aESTADOS UNIDOS DA AMERICA
773 0 _tAgricultura de Hoje (Brazil)
_xISSN 0100-5707
_g(Jan 1982), v. 7(77) p. 36-37
_wBR8200798
909 _a202311
_bLúcia
_c55
_dLúcia Elande
942 _2AGRIS
_n0
_cANA
999 _c108727
_d108727